000 00462nmm a2200169Ia 4500
008 251105s9999||||xx |||||||||||||||||und||
020 _a9788475226477
041 _aspa
100 _aLópez Guarín, Carlos Eugenio
245 0 _aTeoremas
264 _a[Madrid, España] :
_bVisor Libros,
_c2007
300 _a80 páginas
490 _aVisor de Poesía
650 _aSpanish poetry
856 _uhttps://public.digitaliapublishing.com/a/41091
942 _cCF
999 _c84985
_d84985